| 000 | 00624nam a2200253Ia 4500 | ||
|---|---|---|---|
| 008 | 181129s9999 xx 000 0 und d | ||
| 020 | _a9780439202275 | ||
| 050 | _bH551 2000 | ||
| 100 | _aHerman, Gail | ||
| 245 | 0 | _aShiny spooky knights / | |
| 245 | 0 | _cby Gail Herman ; illustrated by Duendes del Sur. | |
| 260 | _aNew York, NY : | ||
| 260 | _bScholastic, | ||
| 260 | _c2000 | ||
| 300 | _a32 pages : | ||
| 300 | _bcolor illustrations ; | ||
| 300 | _c23cm. | ||
| 440 | _aLevel 2 readers. | ||
| 500 | _a40L | ||
| 650 | _aGhosts. | ||
| 700 | _adel Sur, Duendes. | ||
| 700 | _aSeries. | ||
| 700 | _aTitle. | ||
| 999 |
_c359936 _d359936 |
||